Finančné systémy nových krajín EÚ

Informácia o medzinárodnej vedeckej konferencii 'Finanční systémy kandidátskych zemí po vstupu do Evropské únie', konanej na pôde Masarykovej univerzity v Brne, dňa 31.5 - 1.6.2004.

Gespeichert in:
Bibliographische Detailangaben
1. Verfasser: Maťavka, Miroslav
Weitere Verfasser: Littvová, Zuzana
Format: Buchkapitel
Sprache:Slowakisch
Schlagworte:
Tags: Tag hinzufügen
Keine Tags, Fügen Sie das erste Tag hinzu!

MARC

LEADER 00000naa$a2200000$$$4500
001 0012680
005 20240502071357.8
041 0 |a slo 
044 |a SK 
245 1 0 |a Finančné systémy nových krajín EÚ  |c aut. Miroslav Maťavka, Zuzana Littvová 
520 |a Informácia o medzinárodnej vedeckej konferencii 'Finanční systémy kandidátskych zemí po vstupu do Evropské únie', konanej na pôde Masarykovej univerzity v Brne, dňa 31.5 - 1.6.2004. 
610 2 0 |a bankovníctvo 
610 2 0 |a poisťovníctvo 
610 2 0 |a Európska únia 
610 2 0 |a konferencie 
100 1 |a Maťavka, Miroslav 
700 1 |a Littvová, Zuzana